Emma : a novel (Record no. 41748)
[ view plain ]
| 000 -LEADER | |
|---|---|
| fixed length control field | 01473nam a2200193 a 4500 |
| 001 - CONTROL NUMBER | |
| control field | 18295405 |
| 008 - FIXED-LENGTH DATA ELEMENTS--GENERAL INFORMATION | |
| fixed length control field | 170221s2014 ||||||||||||||||| || u |
| 010 ## - LIBRARY OF CONGRESS CONTROL NUMBER | |
| LC control number | 2014025558 |
| 020 ## - INTERNATIONAL STANDARD BOOK NUMBER | |
| International Standard Book Number | 9780007533884 |
| 050 ## - LIBRARY OF CONGRESS CALL NUMBER | |
| Classification number | PR 6063.C32E46 |
| 100 ## - MAIN ENTRY--PERSONAL NAME | |
| Personal name | McCall Smith, Alexander |
| 245 10 - TITLE STATEMENT | |
| Title | Emma : a novel |
| Statement of responsibility, etc. | Alexander McCall Smith. |
| 260 ## - PUBLICATION, DISTRIBUTION, ETC. | |
| Place of publication, distribution, etc. | London |
| Name of publisher, distributor, etc. | The Borough Press |
| Date of publication, distribution, etc. | 2014 |
| 300 ## - PHYSICAL DESCRIPTION | |
| Extent | 361 p. |
| 350 ## - PRICE (NR) (BK AM CF MU VM SE) [OBSOLETE] | |
| Price | 5.98 |
| 520 ## - SUMMARY, ETC. | |
| Summary, etc. | "The summer after university, Emma Woodhouse returns home to the village of Highbury, where she will live with her health-conscious father until she is ready to launch her interior-design business and strike out on her own. In the meantime, she will do what she does best: offer guidance to those less wise in the ways of the world than herself. Happily, this summer brings many new faces to Highbury and into the sphere of Emma's not always perfectly felicitous council: Harriet Smith, a naive teacher's assistant at the ESL school run by the hippie-ish Mrs. Goddard; Frank Churchill, the attractive stepson of Emma's former governess; and, of course, the perfect Jane Fairfax. This Emma is wise, witty, and totally enchanting, and will appeal equally to Sandy's multitude of fans and the enormous community of wildly enthusiastic Austen aficionados"-- Provided by publisher. |
| 650 ## - SUBJECT ADDED ENTRY--TOPICAL TERM | |
| Topical term or geographic name entry element | ENGLISH LANGUAGE |
| 995 ## - RECOMMENDATION 995 [LOCAL, UNIMARC FRANCE] | |
| -- | CBU-MAIN LIBRARY (Kitwe) |
| -- | 1 |
| -- | AVAILABLE |
| -- | Feb 21, 2017 |
| -- | Fiction Collection |
| Withdrawn status | Lost status | Source of classification or shelving scheme | Damaged status | Not for loan | Home library | Current library | Shelving location | Date acquired | Total Checkouts | Full call number | Barcode | Date last seen | Price effective from | Koha item type |
|---|---|---|---|---|---|---|---|---|---|---|---|---|---|---|
| CBU-MAIN LIBRARY, KITWE. | CBU-MAIN LIBRARY, KITWE. | 11/30/2022 | PR 6063.C32E46 | 746580 | 11/30/2022 | 11/30/2022 | MONOGRAPH |